<?xml version="1.0" encoding="UTF-8"?>
<marc:record xmlns:marc="http://www.loc.gov/MARC21/slim">
   <marc:leader>00000nam a2200000 a 4500</marc:leader>
   <marc:datafield ind1="1" ind2=" " tag="100">
      <marc:subfield code="a">Stankewitz, Sarah</marc:subfield>
      <marc:subfield code="4">aut</marc:subfield>
      <marc:subfield code="e">Verfasser/-in</marc:subfield>
   </marc:datafield>
   <marc:datafield ind1=" " ind2=" " tag="653">
      <marc:subfield code="a">Erzählende Literatur</marc:subfield>
   </marc:datafield>
   <marc:datafield ind1=" " ind2=" " tag="653">
      <marc:subfield code="a">Erzählende Literatur: Gegenwartsliteratur ab 1945</marc:subfield>
   </marc:datafield>
   <marc:datafield ind1=" " ind2=" " tag="653">
      <marc:subfield code="a">Fiktionale Darstellung</marc:subfield>
   </marc:datafield>
   <marc:datafield ind1="0" ind2="0" tag="245">
      <marc:subfield code="a">No matter what</marc:subfield>
   </marc:datafield>
   <marc:datafield ind1="0" ind2="0" tag="245">
      <marc:subfield code="b">Roman</marc:subfield>
   </marc:datafield>
   <marc:datafield ind1=" " ind2="1" tag="264">
      <marc:subfield code="b">Wilhelm Heyne Verlag</marc:subfield>
   </marc:datafield>
   <marc:datafield ind1="1" ind2=" " tag="490">
      <marc:subfield code="a">Band 1 der Love burns-Reihe</marc:subfield>
   </marc:datafield>
   <marc:datafield ind1="1" ind2=" " tag="520">
      <marc:subfield code="a">Seit dem Brand, bei dem ihr Vater ums Leben gekommen ist, trägt Stella Jones Narben – körperliche und seelische. Berührungen anderer Menschen kann sie nicht ertragen, nur bei ihrer Arbeit in einem Hundeshelter kann sie ganz sie selbst sein. Als ihre Pflegemutter stirbt, kehrt Stella zurück in ihre Heimatstadt Blossom Lake. Sie kommt in der WG ihres großen Bruders unter, ohne zu ahnen, wer dessen neuer Mitbewohner ist: Austin, dem sie vor Jahren das Leben gerettet und der sich nun zu einem egoistischen Playboy entwickelt hat. Doch hinter der kühlen Fassade steckt ein anderer Austin: einfühlsam, liebevoll, leidenschaftlich. Geduldig hilft er Stella, die Schatten der Vergangenheit zu bekämpfen, und entfacht ein Feuer in ihr, das sie lange unterdrückt hat. Doch ist Stella bereit für so viel Nähe? Oder wird sie sich neue Brandnarben zuziehen?</marc:subfield>
   </marc:datafield>
   <marc:datafield ind1=" " ind2=" " tag="020">
      <marc:subfield code="a">9783453428966</marc:subfield>
      <marc:subfield code="9">9783453428966</marc:subfield>
   </marc:datafield>
</marc:record>
